000 01064nam a22002777a 4500
003 OSt
005 20141018104424.0
008 141010b xxu||||| |||| 00| 0 eng d
020 _a978-970-686-421-5
040 _cBMC
082 _a658.1
100 1 _aPepall, Lynne
_926538
245 1 0 _aOrganización industrial
_b: teoría y prácticas contemporáneas
_cLynne Pepall, Daniel J. Richards, George Norman ; traducción, Adolfo Deras Quiñones ; revisión técnica, José Germán Rojas Arredondo, Marcos S. Ávalos Bracho.
250 _a3ª ed
260 _aMéxico D.F. [etc.]
_bThomson
_ccop. 2006
300 _aXVIII, 676 p.
_c27 cm.
500 _aÍndice: p. 669-676
595 _aTraducción de: Industrial Organization: Contemporary Theory and Practice
650 2 4 _aOrganización de la empresa
_98517
700 1 _aNorman, George
_926540
700 1 _aRojas Arredondo, José Germán
_926541
700 1 _aÁvalos Bracho, Marcos S.
_95569
700 1 _aDeras Quiñones, Adolfo
_95589
700 1 _926539
_aRichards, Daniel Jay‏
942 _2ddc
_cBK
999 _c14562
_d14562